Vyvrcholenie cenného počinu Dvojdielna "starootcovská poéma STV Košice

Bibliographic Details
Main Author: Kret, Anton, 1930-2019 (Author)
Corporate Authors: Amerikáňci (ľudové divadlo) (Author), Slovenská televízia. Televízne štúdio Košice (Author)
Format: Article
Language:Slovak
Subjects:

MARC

LEADER 00000nab a2200000 a 4500
001 vtls000898370
003 SK-MaSNL
005 20260305010250.0
008 040720e19980115xo 0 slo
035 |a KE7378 
040 |a KEVKJB  |b slo  |c KEVKJB  |e AACR2 
041 0 |a slo 
044 |a xo  |c SK 
080 |a 792  |2 1981 
080 |a 7.097  |2 1981 
100 1 |a Kret, Anton,  |d 1930-2019  |4 aut  |9 102081 
245 1 0 |a Vyvrcholenie cenného počinu  |b Dvojdielna "starootcovská poéma STV Košice 
300 |b 1 foto 
600 1 7 |a Lazorík, Ján,  |d 1920-2015  |2 KEVKJB  |9 160886 
610 2 7 |a Amerikáňci (ľudové divadlo)  |2 KEVKJB  |9 1585507 
610 2 7 |a Slovenská televízia.  |b Televízne štúdio Košice  |2 KEVKJB  |9 31266 
650 0 7 |a ľudové divadlo  |2 KEVKJB  |9 15395 
650 0 7 |a televízne inscenácie  |2 KEVKJB  |9 2919 
651 7 |a Košice (Slovensko)  |2 KEVKJB  |9 18694 
651 7 |a KE,  |2 KEVKJB  |9 877256 
651 7 |a KE,  |2 KEVKJB  |9 877256 
710 2 |a Amerikáňci (ľudové divadlo)  |4 aut  |9 1585507 
710 2 |a Slovenská televízia.  |b Televízne štúdio Košice  |4 aut  |9 31266 
773 0 8 |t Lúč  |g Roč. 7, č.11, 15.1.1998, s. 9 
852 |a ZVYKNI  |b KIS3GCP 
999 |c 3245708  |d 3247638